<?xml version="1.0" encoding="UTF-8"?>
<marc:record xmlns:marc="http://www.loc.gov/MARC21/slim" type="Bibliographic">
   <marc:leader>00000nam a22000008c 4500</marc:leader>
   <marc:controlfield tag="001">1296734897</marc:controlfield>
   <marc:controlfield tag="003">DE-101</marc:controlfield>
   <marc:controlfield tag="005">20230720114720.0</marc:controlfield>
   <marc:controlfield tag="007">tu</marc:controlfield>
   <marc:controlfield tag="008">230720s2022    xv ||||| |||| 00||||ger  </marc:controlfield>
   <marc:datafield ind1="7" ind2=" " tag="016">
      <marc:subfield code="2">DE-101</marc:subfield>
      <marc:subfield code="a">1296734897</marc:subfield>
   </marc:datafield>
   <marc:datafield ind1=" " ind2=" " tag="020">
      <marc:subfield code="a">9789619423578</marc:subfield>
      <marc:subfield code="9">978-961-94235-7-8</marc:subfield>
   </marc:datafield>
   <marc:datafield ind1=" " ind2=" " tag="020">
      <marc:subfield code="a">9619423577</marc:subfield>
      <marc:subfield code="9">961-94235-7-7</marc:subfield>
   </marc:datafield>
   <marc:datafield ind1=" " ind2=" " tag="035">
      <marc:subfield code="a">(DE-599)DNB1296734897</marc:subfield>
   </marc:datafield>
   <marc:datafield ind1=" " ind2=" " tag="040">
      <marc:subfield code="a">1130</marc:subfield>
      <marc:subfield code="b">ger</marc:subfield>
      <marc:subfield code="c">DE-101</marc:subfield>
      <marc:subfield code="d">1130</marc:subfield>
   </marc:datafield>
   <marc:datafield ind1=" " ind2=" " tag="041">
      <marc:subfield code="a">ger</marc:subfield>
      <marc:subfield code="h">slv</marc:subfield>
   </marc:datafield>
   <marc:datafield ind1=" " ind2=" " tag="044">
      <marc:subfield code="c">XA-SI</marc:subfield>
   </marc:datafield>
   <marc:datafield ind1=" " ind2=" " tag="084">
      <marc:subfield code="a">821.163.6-93</marc:subfield>
      <marc:subfield code="2">udc</marc:subfield>
   </marc:datafield>
   <marc:datafield ind1=" " ind2=" " tag="084">
      <marc:subfield code="a">087.5</marc:subfield>
      <marc:subfield code="2">udc</marc:subfield>
   </marc:datafield>
   <marc:datafield ind1="1" ind2=" " tag="100">
      <marc:subfield code="8">1\p</marc:subfield>
      <marc:subfield code="a">Moric, Anja.</marc:subfield>
      <marc:subfield code="e">Verfasser</marc:subfield>
      <marc:subfield code="4">aut</marc:subfield>
   </marc:datafield>
   <marc:datafield ind1="1" ind2="0" tag="240">
      <marc:subfield code="a">Polšji možic.</marc:subfield>
      <marc:subfield code="g">nemški jezik</marc:subfield>
   </marc:datafield>
   <marc:datafield ind1="1" ind2="0" tag="245">
      <marc:subfield code="a">ǂDas ǂPilichmandl</marc:subfield>
      <marc:subfield code="b">ǂeine ǂGeschichte aus den Gottscheer Wäldern</marc:subfield>
      <marc:subfield code="c">Anja Moric ; illustriert von Barbara Koblar ; [deutsche Übersetzung Karin Almasy ... et al.]</marc:subfield>
   </marc:datafield>
   <marc:datafield ind1=" " ind2=" " tag="250">
      <marc:subfield code="a">1. Aufl</marc:subfield>
   </marc:datafield>
   <marc:datafield ind1=" " ind2=" " tag="259">
      <marc:subfield code="a">11</marc:subfield>
   </marc:datafield>
   <marc:datafield ind1=" " ind2=" " tag="263">
      <marc:subfield code="a">202301</marc:subfield>
   </marc:datafield>
   <marc:datafield ind1=" " ind2="1" tag="264">
      <marc:subfield code="a">Stara Cerkev</marc:subfield>
      <marc:subfield code="b">Zavod Putscherle, center za raziskovanje, kulturo in ohranjanje kulturne dediščine</marc:subfield>
      <marc:subfield code="c">2022</marc:subfield>
   </marc:datafield>
   <marc:datafield ind1=" " ind2=" " tag="300">
      <marc:subfield code="a">[44] str. :</marc:subfield>
      <marc:subfield code="b">ilustr.</marc:subfield>
      <marc:subfield code="c">30 cm</marc:subfield>
   </marc:datafield>
   <marc:datafield ind1=" " ind2=" " tag="500">
      <marc:subfield code="a">Prevod dela: Polšji možic : zgodba iz kočevskih gozdov</marc:subfield>
   </marc:datafield>
   <marc:datafield ind1=" " ind2=" " tag="500">
      <marc:subfield code="a">500 izv</marc:subfield>
   </marc:datafield>
   <marc:datafield ind1=" " ind2="0" tag="653">
      <marc:subfield code="a">(ssg)Fantastična bitja--V otroškem leposlovju.</marc:subfield>
   </marc:datafield>
   <marc:datafield ind1=" " ind2="0" tag="653">
      <marc:subfield code="a">(ssg)Polhi--V otroškem leposlovju.</marc:subfield>
   </marc:datafield>
   <marc:datafield ind1=" " ind2="0" tag="653">
      <marc:subfield code="a">(ssg)Polharstvo--V otroškem leposlovju.</marc:subfield>
   </marc:datafield>
   <marc:datafield ind1=" " ind2=" " tag="653">
      <marc:subfield code="a">palčki (bajeslovna bitja)</marc:subfield>
      <marc:subfield code="a">gozdovi</marc:subfield>
      <marc:subfield code="a">gozdne živali</marc:subfield>
      <marc:subfield code="a">lov</marc:subfield>
      <marc:subfield code="a">lovci</marc:subfield>
      <marc:subfield code="a">vragolije</marc:subfield>
      <marc:subfield code="a">nagajivost</marc:subfield>
      <marc:subfield code="a">Kočevsko</marc:subfield>
      <marc:subfield code="a">pripovedno ljudsko izročilo</marc:subfield>
      <marc:subfield code="a">slovensko ljudsko izročilo</marc:subfield>
      <marc:subfield code="a">slovensko ljudske pripovedke</marc:subfield>
      <marc:subfield code="a">pregovori</marc:subfield>
      <marc:subfield code="a">reki</marc:subfield>
      <marc:subfield code="a">ogrožene živalske vrste</marc:subfield>
      <marc:subfield code="a">zimsko spanje</marc:subfield>
      <marc:subfield code="a">hibernacije</marc:subfield>
      <marc:subfield code="a">škratje</marc:subfield>
   </marc:datafield>
   <marc:datafield ind1=" " ind2="6" tag="653">
      <marc:subfield code="a">(sgc)Slovenska mladinska književnost.</marc:subfield>
   </marc:datafield>
   <marc:datafield ind1=" " ind2="6" tag="653">
      <marc:subfield code="a">(sgc)Slikanice.</marc:subfield>
   </marc:datafield>
   <marc:datafield ind1="1" ind2=" " tag="700">
      <marc:subfield code="8">2\p</marc:subfield>
      <marc:subfield code="a">Koblar, Barbara,, 1966-</marc:subfield>
      <marc:subfield code="e">Illustrator</marc:subfield>
      <marc:subfield code="4">ill</marc:subfield>
   </marc:datafield>
   <marc:datafield ind1="1" ind2=" " tag="700">
      <marc:subfield code="8">3\p</marc:subfield>
      <marc:subfield code="a">Almasy, Karin,, 1985-</marc:subfield>
      <marc:subfield code="e">Übersetzer</marc:subfield>
      <marc:subfield code="4">trl</marc:subfield>
   </marc:datafield>
   <marc:datafield ind1="1" ind2=" " tag="883">
      <marc:subfield code="8">1\p</marc:subfield>
      <marc:subfield code="a">bcs</marc:subfield>
      <marc:subfield code="d">20230720</marc:subfield>
      <marc:subfield code="q">DE-101</marc:subfield>
      <marc:subfield code="u">https://d-nb.info/provenance/plan#bcs</marc:subfield>
   </marc:datafield>
   <marc:datafield ind1="1" ind2=" " tag="883">
      <marc:subfield code="8">2\p</marc:subfield>
      <marc:subfield code="a">bcs</marc:subfield>
      <marc:subfield code="d">20230720</marc:subfield>
      <marc:subfield code="q">DE-101</marc:subfield>
      <marc:subfield code="u">https://d-nb.info/provenance/plan#bcs</marc:subfield>
   </marc:datafield>
   <marc:datafield ind1="1" ind2=" " tag="883">
      <marc:subfield code="8">3\p</marc:subfield>
      <marc:subfield code="a">bcs</marc:subfield>
      <marc:subfield code="d">20230720</marc:subfield>
      <marc:subfield code="q">DE-101</marc:subfield>
      <marc:subfield code="u">https://d-nb.info/provenance/plan#bcs</marc:subfield>
   </marc:datafield>
   <marc:datafield ind1="r" ind2=" " tag="925">
      <marc:subfield code="a">rb</marc:subfield>
   </marc:datafield>
   <marc:datafield ind1="w" ind2=" " tag="925">
      <marc:subfield code="a">e</marc:subfield>
   </marc:datafield>
</marc:record>
